000
00264nam a2200097Ia 4500
001
1205683
005
20250827022751.0
008
250824s9999 xx 000 0 und d
245
0
_a
SİZ ADAMI ÖLMEKDEN GÜLDÜRÜRSÜNÜZ
_c
ÖMER SEVİNÇGÜL
260
_b
CARPEDİEM
999
_c
1205683
_d
1205683